000 00893nam a2200277 a 4500
001 000037633
003 DO-SdBNP
005 20180119125238.0
007 000037633
008 121010s2011 pe 000 0 spa d
020 _a9786124103087
040 _aBPMSU
_dspa
_cBPMSU
100 1 _aVega, Inca Garcilaso de la
_d1539-1616
245 1 0 _aLos comentarios reales de los Incas /
_c Inca Garcilaso de la Vega; ilustración Gerson Jara Morales
260 _aLima, Perú :
_bEditorial Educativa,
_c2011
300 _a101 p. ;
_bil. :
_c27 cm.
490 _aPlan lector
700 _4Morales, Gerson Jara
830 _pPlan lector
930 1 _lBND01
_mLF1
_820121010
_f01
_pHD
_g34763
942 _2ddc
_cBK
945 _aInventariado, 2018/MFF
956 _aGREYES
_b10
_c20121010
_lBND01
_h1237
956 _aVMATEO
_b10
_c20130301
_lBND01
_h1449
956 _aVMATEO
_b10
_c20150918
_lBPMSU
_h00151
999 _c8268
_d8268